000 00562nam a22002057a 4500
999 _c443110
_d443110
003 UA-OsUOA
005 20191205102134.0
008 191205b un ||||| |||| 00| 0 ukr d
040 _aUA-OsUOA
_bukr
_cUA-OsUOA
_dUA-OsUOA
041 _aukr
080 _a821.161.1
090 _a821.161.1
_bС32
100 _aСерафимович О
245 _aЗалізний потік
_cО. Серафимович
260 _aКиїв
_bХудожня література
_c1949
300 _a130 с.
650 _a821.161.1
942 _2udc
_cBK
955 _a3